000 00203nam a22001097a 4500
040 _cSK
082 _a658
100 _aNA
245 _aInterpersonal skills
260 _aSINGAPORE
_bNA
_c2002
942 _cKB
999 _c9581
_d9581